书目信息 |
| 题名: |
虚拟现实辅助结构可装配性设计
|
|
| 作者: | 姚寿文 , 陈科 , 姚泽源 编著 | |
| 分册: | ||
| 出版信息: | 北京 北京理工大学出版社 2022.01 |
|
| 页数: | 249页 | |
| 开本: | 26cm | |
| 丛书名: | ||
| 单 册: | ||
| 中图分类: | TH122 , TP391.98 | |
| 科图分类: | ||
| 主题词: | 虚拟现实--xu ni xian shi--应用--装配 (机械)--计算机辅助设计--机械设计 | |
| 电子资源: | ||
| ISBN: | 978-7-5763-0862-4 | |
| 000 | 01319nam0 2200301 450 | |
| 001 | 011025153826 | |
| 005 | 20221025153826.0 | |
| 010 | @a978-7-5763-0862-4@dCNY78.00 | |
| 099 | @aCAL 012022051864 | |
| 100 | @a20201004d2022 em y0chiy0120 ea | |
| 101 | 0 | @achi |
| 102 | @aCN@b110000 | |
| 105 | @aak a 000yy | |
| 106 | @ar | |
| 200 | 1 | @a虚拟现实辅助结构可装配性设计@Axu ni xian shi fu zhu jie gou ke zhuang pei xing she ji@d= Virtual reality aided structural assemblability design@f姚寿文, 陈科, 姚泽源编著@zeng |
| 210 | @a北京@c北京理工大学出版社@d2022.01 | |
| 215 | @a249页@c图@d26cm | |
| 300 | @a北京理工大学“双一流”建设精品出版工程 | |
| 320 | @a有书目 | |
| 330 | @a本书从产品设计出发,针对产品装配中的手工装配,分析了结构可装配性的影响因素、设计原则以及可装配性评价方法。同时,针对产品可装配性的验证,介绍了虚拟现实输入、输出以及虚拟手、碰撞检测和装配约束建模方法,结合Unity3D设计了总体框架、平台架构以及多层级零件建模等内容。 | |
| 510 | 1 | @aVirtual reality aided structural assemblability design@zeng |
| 606 | 0 | @a虚拟现实@Axu ni xian shi@x应用@x装配 (机械)@x计算机辅助设计@x机械设计 |
| 690 | @aTH122@v5 | |
| 690 | @aTP391.98@v5 | |
| 701 | 0 | @a姚寿文@Ayao shou wen@4编著 |
| 701 | 0 | @a陈科@Achen ke@4编著 |
| 701 | 0 | @a姚泽源@Ayao ze yuan@4编著 |
| 905 | @a河南城建学院图书馆@dTH122@eY3681 | |
| 虚拟现实辅助结构可装配性设计= Virtual reality aided structural assemblability design/姚寿文, 陈科, 姚泽源编著.-北京:北京理工大学出版社,2022.01 |
| 249页:图;26cm |
| 北京理工大学“双一流”建设精品出版工程 |
| ISBN 978-7-5763-0862-4:CNY78.00 |
| 本书从产品设计出发,针对产品装配中的手工装配,分析了结构可装配性的影响因素、设计原则以及可装配性评价方法。同时,针对产品可装配性的验证,介绍了虚拟现实输入、输出以及虚拟手、碰撞检测和装配约束建模方法,结合Unity3D设计了总体框架、平台架构以及多层级零件建模等内容。 |
| ● |
| 相关链接 |
|
|
|
正题名:虚拟现实辅助结构可装配性设计
索取号:TH122/Y3681
 
预约/预借
| 序号 | 登录号 | 条形码 | 馆藏地/架位号 | 状态 | 备注 |
| 1 | 1589673 | 215896733 | 自科库501/501自科库 34排2列1层/ [索取号:TH122/Y3681] | 在馆 | |
| 2 | 1589674 | 215896742 | 自科库501/501自科库 34排2列1层/ [索取号:TH122/Y3681] | 在馆 |